000 02451nam0a22004811 4500
001 v19\rc\1580323
005 20260406161326.0
035 _a(NLR Aleph) 005237320
090 _a5667959
_c5667959
100 _a20061002d1893 k y0rusy50 ca
101 0 _arus
102 _aRU
105 _ac z |||cb
200 1 _aИоанн Грозный, его жизнь и государственная деятельность
_eбиографический очерк Е.А. Соловьева
_eс портретом Иоанна Грозного, гравированным в Лейпциге Геданом
210 _aС.-Петербург
_d1893
215 _a87 с., 1 л. портр.
_d20
225 1 _aЖизнь замечательных людей
_eбиографическая библиотека Ф. Павленкова
_vвып. 73
300 _aНа обл. в подзагол.: "С портретом Ивана IV-го, воспроизведенным по статуе Антокольского"
_aОбл. напечатана в типографии товарищества "Общественная польза"
320 _aБиблиогр.: "Источники и пособия" (с. 4)
517 1 _aБиографическая библиотека Ф. Павленкова
_zrus
600 0 0 _aИван
_cцарь русский
_dIV
_f1530 - 1584
_92098369
_3RU\NLR\AUTH\661269382
686 0 _aТ3(2)44-72
_2rubbk
700 1 _8rus
_7ca
_aСоловьев
_bЕ. А.
_cкритик
_f1866-1905
_gЕвгений Андреевич
_3RU\NLR\AUTH\778487
_9118392
702 0 _4570
_8rus
_7ca
_aИван
_cцарь русский
_dIV
_f1530-1584
_3RU\NLR\AUTH\778743
_9118634
702 1 _4570
_8rus
_7ca
_aАнтокольский
_bМ. М.
_cскульптор
_f1840-1902
_gМарк Матвеевич
_3RU\NLR\AUTH\7796551
_979477
702 1 _4440
_8rus
_7ca
_aГедан
_bГ.
_cгравер
_f19 в.
_gГерман
_3RU\NLR\AUTH\7775843
_958771
801 0 _aRU
_bNLR
_gpsbo
801 0 _aRU
_bRuMoRGB
_2psbo
801 1 _aRU
_bProSoft-M
_2rusmarc
801 2 _aRU
_bNLR
_c20070803
_2rusmarc
852 _aNLR
_j18.16.8.69
899 _aRuMoRGB
_jR 301/157
899 _aRuMoRGB
_jU 245/219
899 _aRuMoRGB
_jM 66/76
899 _aRuMoRGB
_jМК
899 _aRuMoRGB
_jРб 7/420
899 _aБАН
899 _aНБ СПбГУ
899 _aГПИБ
899 _aНБ МГУ
942 _cBOOK
980 _aNB